<?xml version="1.0" encoding="UTF-8"?>
<record
    xmlns:xsi="http://www.w3.org/2001/XMLSchema-instance"
    xsi:schemaLocation="http://www.loc.gov/MARC21/slim http://www.loc.gov/standards/marcxml/schema/MARC21slim.xsd"
    xmlns="http://www.loc.gov/MARC21/slim">

  <leader>02126njm a2200361Ia 4500</leader>
  <controlfield tag="001">36679</controlfield>
  <controlfield tag="003">IT-RoPAU</controlfield>
  <controlfield tag="005">20220918181122.0</controlfield>
  <controlfield tag="008">131025s9999    xx            000 0 und d</controlfield>
  <datafield tag="040" ind1=" " ind2=" ">
    <subfield code="a">IT-RoPAU</subfield>
  </datafield>
  <datafield tag="040" ind1=" " ind2=" ">
    <subfield code="c">IT-RoPAU</subfield>
  </datafield>
  <datafield tag="999" ind1=" " ind2=" ">
    <subfield code="c">99862</subfield>
    <subfield code="d">99862</subfield>
  </datafield>
  <datafield tag="999" ind1=" " ind2=" ">
    <subfield code="b">n.d.</subfield>
  </datafield>
  <datafield tag="100" ind1=" " ind2=" ">
    <subfield code="a">AA.VV.</subfield>
    <subfield code="9">794</subfield>
  </datafield>
  <datafield tag="100" ind1=" " ind2=" ">
    <subfield code="e">Autore musica</subfield>
    <subfield code="9">19210</subfield>
  </datafield>
  <datafield tag="100" ind1=" " ind2=" ">
    <subfield code="g">Codice autore musica SPICS: 12000</subfield>
    <subfield code="9">796</subfield>
  </datafield>
  <datafield tag="245" ind1=" " ind2=" ">
    <subfield code="a">Argento vivo</subfield>
  </datafield>
  <datafield tag="250" ind1=" " ind2=" ">
    <subfield code="a">1a ed.</subfield>
  </datafield>
  <datafield tag="260" ind1=" " ind2=" ">
    <subfield code="a">ITALIA</subfield>
  </datafield>
  <datafield tag="260" ind1=" " ind2=" ">
    <subfield code="b">CINEVOX RECORD</subfield>
    <subfield code="c">1986 [1a Ed.:1986]</subfield>
  </datafield>
  <datafield tag="300" ind1=" " ind2=" ">
    <subfield code="a">DISCO</subfield>
  </datafield>
  <datafield tag="300" ind1=" " ind2=" ">
    <subfield code="c">46 minuti (Testo:  pag.)</subfield>
  </datafield>
  <datafield tag="500" ind1=" " ind2=" ">
    <subfield code="a">Colonne sonore di alcuni film di Dario Argento. Musica da film.</subfield>
  </datafield>
  <datafield tag="505" ind1=" " ind2=" ">
    <subfield code="a">Piume di cristallo [(Morricone Ennio) (6:00)] - Quattro mosche di velluto grigio [(Morricone Ennio) (4:00)] - Profondo rosso [(Goblin) (4:00)] - Suspiria [(Goblin) (6:00)] - The Library [(Emerson Keith) (6:00) - Inferno-Main Title Theme [(Emerson Keith) (3:00)] - Zombi [(Goblin) (5:00)] - Tenebre [(Simonetti Claudio) (5:00)] - Phenomena  [(Simonetti Claudio) (5:00)] - Jennifer [(Goblin) (4:00)] - Sleepwalking [(Goblin) (4:00)] - The Maggots [(Boswell Simon) (2:00)]</subfield>
  </datafield>
  <datafield tag="650" ind1=" " ind2=" ">
    <subfield code="a">COLONNA SONORA [DISCHI]</subfield>
    <subfield code="e">Codice MATERIA SPICS: 9950</subfield>
    <subfield code="9">19211</subfield>
  </datafield>
  <datafield tag="700" ind1=" " ind2=" ">
    <subfield code="a">Morricone Ennio</subfield>
    <subfield code="d">Codice autore musica SPICS: 3535</subfield>
    <subfield code="e">Autore musica</subfield>
    <subfield code="p">Piume di cristallo - Quattro mosche di velluto grigio</subfield>
    <subfield code="9">19214</subfield>
  </datafield>
  <datafield tag="700" ind1=" " ind2=" ">
    <subfield code="a">Simonetti Claudio</subfield>
    <subfield code="d">Codice autore musica SPICS: 15928</subfield>
    <subfield code="e">Autore musica</subfield>
    <subfield code="p">Profondo rosso - Suspiria - Zombi - Tenebre - Phenomena - Sleepwalking</subfield>
    <subfield code="9">19215</subfield>
  </datafield>
  <datafield tag="700" ind1=" " ind2=" ">
    <subfield code="a">Morante M.</subfield>
    <subfield code="d">Codice autore SPICS: 16453</subfield>
    <subfield code="e">Autore</subfield>
    <subfield code="p">Profondo rosso - Suspiria - Zombi - Tenebre</subfield>
    <subfield code="9">19216</subfield>
  </datafield>
  <datafield tag="700" ind1=" " ind2=" ">
    <subfield code="a">Pignatelli Fabio</subfield>
    <subfield code="d">Codice autore testo/musica SPICS: 15929</subfield>
    <subfield code="e">Autore testo/musica</subfield>
    <subfield code="p">Profondo rosso - Tenebre - Jennifer - Sleepwalking</subfield>
    <subfield code="9">19217</subfield>
  </datafield>
  <datafield tag="700" ind1=" " ind2=" ">
    <subfield code="a">Marangolo</subfield>
    <subfield code="d">Codice autore musica SPICS: 28447</subfield>
    <subfield code="e">Autore musica</subfield>
    <subfield code="p">Suspiria - Zombi</subfield>
    <subfield code="9">19218</subfield>
  </datafield>
  <datafield tag="700" ind1=" " ind2=" ">
    <subfield code="a">Emerson Keith</subfield>
    <subfield code="d">Codice autore musica SPICS: 10877</subfield>
    <subfield code="e">Autore musica</subfield>
    <subfield code="p">The Library - Inferno (Main Title Theme)</subfield>
    <subfield code="9">19219</subfield>
  </datafield>
  <datafield tag="700" ind1=" " ind2=" ">
    <subfield code="a">Boswell Simon</subfield>
    <subfield code="d">Codice autore musica SPICS: 15931</subfield>
    <subfield code="e">Autore musica</subfield>
    <subfield code="p">The Maggots</subfield>
    <subfield code="9">19220</subfield>
  </datafield>
  <datafield tag="942" ind1=" " ind2=" ">
    <subfield code="c">MD</subfield>
    <subfield code="2">ddc</subfield>
  </datafield>
  <datafield tag="952" ind1=" " ind2=" ">
    <subfield code="0">0</subfield>
    <subfield code="1">0</subfield>
    <subfield code="4">0</subfield>
    <subfield code="6">36679_000000000000000</subfield>
    <subfield code="7">1</subfield>
    <subfield code="a">SPICS</subfield>
    <subfield code="b">SPICS</subfield>
    <subfield code="d">2013-10-25</subfield>
    <subfield code="l">0</subfield>
    <subfield code="o">36679</subfield>
    <subfield code="r">2013-10-25 00:00:00</subfield>
    <subfield code="w">2013-10-25</subfield>
    <subfield code="y">MD</subfield>
    <subfield code="z">Progr. Ins.: 12967 / N.Vol.: 1 / Copie: 1 - Copia rara: n.d. / date import: 01.01.2014 - By Epidotti, Trombetti, Vaglietti</subfield>
  </datafield>
</record>
